[Event "17th Aeroflot Open-A 2019"]
[Site "Moscow"]
[Date "2019.02.20"]
[Round "1.37"]
[White "Harika, Dronavalli"]
[Black "Gordievsky, Dmitry"]
[Result "1-0"]
[WhiteElo "2471"]
[BlackElo "2603"]
[Annotator "RC"]
[PlyCount "159"]
[EventDate "2019.02.19"]
[EventCountry "RUS"]
[SourceTitle "playchess.com"]
[Source "ChessBase"]
[SourceQuality "1"]
[TimeControl "40/5400+30:1800+30"]

1. e4 {[%emt 0:00:00]} d6 {[%emt 0:00:00]} 2. d4 {[%emt 0:00:00]} Nf6 {[%emt 0:01:46]} 3. Bd3 {[%emt 0:00:00]} Nc6 {[%emt 0:11:20]} 4. c3 {[%emt 0:01:53]} e5 {[%emt 0:04:10]} 5. Nf3 {[%emt 0:01:36]} g6 {[%emt 0:02:07]} 6. O-O {[%emt 0:02:27]} Bg7 {[%emt 0:00:58]} 7. Nbd2 {[%emt 0:19:10]} O-O {[%emt 0:05:07]} 8. h3 {[%emt 0:00:14]} Nd7 {[%emt 0:08:13]} 9. Nb3 {[%emt 0:03:01]} a5 {[%emt 0:01:24]} 10. a4 {[%emt 0:03:46]} exd4 {[%emt 0:04:35]} 11. Nfxd4 {[%emt 0:06:55]} Re8 {[%emt 0:12:50]} 12. Re1 {[%emt 0:01:49]} Nb6 {[%emt 0:04:37]} 13. Bf1 {[%emt 0:02:49]} Nxd4 {[%emt 0:16:31]} 14. Nxd4 {[%emt 0:01:26]} d5 {[%emt 0:00:19]} 15. Bf4 {[%emt 0:14:03]} c6 {[%emt 0:00:20]} 16. Nb3 {[%emt 0:08:24]} Bf8 {[%emt 0:11:54]} 17. Qd4 {[%emt 0:03:32]} Bg7 {[%emt 0:01:32]} 18. Qd2 {[%emt 0:03:56]} Nc4 {[%emt 0:02:55]} 19. Bxc4 {[%emt 0:02:43]} dxc4 {[%emt 0:00:24]} 20. Qxd8 {[%emt 0:00:09]} Rxd8 {[%emt 0:00:04]} 21. Nxa5 {[%emt 0:01:21]} Bf8 {[%emt 0:07:42]} 22. Nxc4 {[%emt 0:12:01]} Be6 {[%emt 0:00:02]} 23. Nd2 {[%emt 0:00:23]} c5 {[%emt 0:02:01]} 24. a5 {[%emt 0:03:18]} Ra6 {[%emt 0:00:17]} 25. Nf3 {[%emt 0:00:24]} Rc8 {[%emt 0:00:47]} 26. Red1 {[%emt 0:01:52]} h6 {[%emt 0:00:22]} 27. Nh2 {[%emt 0:02:10]} g5 {[%emt 0:00:19]} 28. Bg3 {[%emt 0:00:14]} Kh7 {[%emt 0:00:14]} 29. Ng4 {[%emt 0:00:37]} Be7 {[%emt 0:00:34]} 30. Ne3 {[%emt 0:00:31]} c4 {[%emt 0:00:46]} 31. Nf5 {[%emt 0:01:06]} Bc5 {[%emt 0:00:14]} 32. Nd6 {[%emt 0:01:45]} Bxd6 {[%emt 0:00:19]} 33. Bxd6 {[%emt 0:00:30]} b6 {[%emt 0:00:43]} 34. axb6 {[%emt 0:00:26]} Rxb6 {[%emt 0:00:01]} 35. Bb4 {[%emt 0:00:10]} Rb7 {[%emt 0:00:51]} 36. f3 {[%emt 0:00:15]} Rd7 {[%emt 0:00:33]} 37. Rxd7 {[%emt 0:00:25]} Bxd7 {[%emt 0:00:01]} 38. Kf2 {[%emt 0:00:20]} Be6 {[%emt 0:00:17]} 39. Rd1 {[%emt 0:00:05]} Kg6 {[%emt 0:00:54]} 40. Rd6 {[%emt 0:00:00]} h5 {[%emt 0:00:00]} 41. g3 {[%emt 0:05:16]} Kh7 {[%emt 0:03:06]} 42. h4 {[%emt 0:01:30]} gxh4 {[%emt 0:00:28]} 43. gxh4 {[%emt 0:00:05]} Rc7 {[%emt 0:06:29]} 44. Rb6 {[%emt 0:01:53]} Rd7 {[%emt 0:01:16]} 45. Rb5 {[%emt 0:03:41]} Rd2+ {[%emt 0:00:26]} 46. Ke3 {[%emt 0:00:19]} Rxb2 {[%emt 0:00:19]} 47. Rxh5+ {[%emt 0:00:05]} Kg6 {[%emt 0:00:12]} 48. Rg5+ {[%emt 0:00:07]} Kh7 {[%emt 0:00:14]} 49. Be7 {[%emt 0:00:35]} Rh2 {[%emt 0:01:14]} 50. Rg1 {[%emt 0:09:26]} f5 {[%emt 0:00:59]} 51. Bf6 {[%emt 0:00:16]} fxe4 {[%emt 0:01:03]} 52. fxe4 {[%emt 0:00:06]} Kh6 {[%emt 0:00:56]} 53. Kf4 {[%emt 0:02:40]} Bf7 {[%emt 0:01:10]} 54. Rg3 {[%emt 0:01:20]} Re2 {[%emt 0:03:09]} 55. Kf5 Rf2+ 56. Ke5 Re2 57. Bg5+ Kg7 58. Kd4 Kh7 59. e5 Re1 60. Bf6 Rd1+ 61. Kc5 Kh6 62. Rg7 Be6 63. Re7 Bg8 64. Re8 Bf7 65. Rh8+ Kg6 66. h5+ Kf5 67. h6 Rd7 68. Rf8 Kg6 69. Bg7 Kh7 70. Rb8 Rd5+ 71. Kb4 Rd7 72. Rb6 Bg8 73. Rd6 Rc7 74. Bf8 Rc8 75. Rd7+ Kh8 76. Bg7+ Kh7 77. Re7 Kg6 78. Rd7 Bf7 79. Rd6+ Kh7 80. e6 1-0

[Event "17th Aeroflot Open-A 2019"]
[Site "Moscow"]
[Date "2019.02.19"]
[Round "1.37"]
[White "Harika, Dronavalli"]
[Black "Gordievsky, Dmitry"]
[Result "*"]
[WhiteElo "2471"]
[BlackElo "2603"]
[Annotator "TA"]
[PlyCount "37"]
[EventDate "2019.02.19"]
[EventCountry "RUS"]
[SourceTitle "playchess.com"]
[Source "ChessBase"]
[SourceQuality "1"]

{[%evp 9,12,25,35,-12,56]} 1. e4 d6 2. d4 Nf6 3. Nc3 e5 4. Nf3 Nbd7 5. Be2 Be7 6. g4 {C41: Philidor Defence} g6 (6... Nxg4 $11 7. Rg1 Nf8) {Predecessor:} 7. g5 $146 Nh5 8. h4 c6 9. a3 Qc7 10. Be3 b6 11. Nh2 Ng7 12. f4 Ne6 13. f5 Nxd4 14. Bxd4 exd4 15. Qxd4 Ne5 16. f6 Bf8 17. Nf3 Be6 18. O-O-O O-O-O 19. Nxe5 {1-0 (19) Nepomniachtchi,I (2707)-Vorobiov,E (2597) Moscow 2012} *

[Event "17th Aeroflot Open-A 2019"]
[Site "Moscow"]
[Date "2019.02.19"]
[Round "1.38"]
[White "Aravindh, Chithambaram VR."]
[Black "Prithu Gupta"]
[Result "*"]
[WhiteElo "2601"]
[BlackElo "2470"]
[Annotator "TA"]
[PlyCount "34"]
[EventDate "2019.02.19"]
[EventCountry "RUS"]
[SourceTitle "playchess.com"]
[Source "ChessBase"]
[SourceQuality "1"]

{[%evp 17,21,0,0,0,0,0]} 1. Nf3 Nf6 2. c4 e6 3. Nc3 d5 4. e3 b6 5. b3 Bb7 6. Bb2 Nbd7 7. d4 Bd6 8. Bd3 O-O 9. O-O a6 10. Nd2 {E14: Queen's Indian: Classical Variation (4 e3)} (10. Rc1 Qe7 11. cxd5 exd5 12. Ne2 Ne4 13. Qc2 Rac8 14. Ng3 g6 15. Qe2 h5 16. Ne5 Nxe5 17. dxe5 Bxe5 18. Bxe5 Qxe5 19. Nxe4 dxe4 20. Bxa6 Bxa6 21. Qxa6 {½-½ (57) Harikrishna,P (2732)-Navara,D (2727) Prague 2018}) 10... c5 11. cxd5 {Predecessor:} exd5 $146 12. Re1 Re8 13. Bf1 Qc7 14. g3 cxd4 15. exd4 Rxe1 16. Qxe1 Re8 17. Qd1 Nf8 {½-½ (26) Lukov,V (2430)-Psakhis,L (2534) Cappelle-la-Grande 2006} *

[Event "17th Aeroflot Open-A 2019"]
[Site "Moscow"]
[Date "2019.02.20"]
[Round "1.38"]
[White "Aravindh, Chithambaram VR."]
[Black "Prithu Gupta"]
[Result "1-0"]
[WhiteElo "2601"]
[BlackElo "2470"]
[Annotator "TA"]
[PlyCount "57"]
[EventDate "2019.02.19"]
[EventCountry "RUS"]
[SourceTitle "playchess.com"]
[Source "ChessBase"]
[SourceQuality "1"]

{[%evp 9,57,16,47,39,59,64,58,52,56,44,100,80,82,60,69,8,0,0,31,1,37,12,42,36,29,27,39,13,38,16,54,64,95,41,52,27,41,33,181,194,182,191,248,239,285,316,913,897,917,793]} 1. c4 e5 2. g3 c6 3. Nf3 e4 (3... d6 4. Nc3 f5 5. d4 e4 6. Ng5 Nf6 7. Nh3 d5 8. cxd5 Nxd5 9. Nf4 Nxf4 10. Bxf4 Bd6 11. e3 O-O 12. Qb3+ Kh8 13. O-O-O Bxf4 14. gxf4 Qh4 {½-½ (31) Romanov,E (2608)-Moiseenko,A (2640) Tallinn 2019}) 4. Nd4 d5 5. d3 dxc4 6. dxe4 {A20: English Opening: 1...e5} Bc5 $146 ({Predecessor:} 6... Bb4+ 7. Nc3 c5 8. Ndb5 Qxd1+ 9. Kxd1 Bxc3 10. bxc3 Na6 11. Nd6+ {1-0 (57) Micheli,C (2287)-Staub,G (2097) Dresden 2013}) 7. e3 Nf6 8. Nc3 {White is slightly better.} Qe7 9. Bg2 Bb4 (9... O-O $14) 10. Qc2 $16 O-O 11. O-O Re8 12. Nce2 (12. Rd1 $14) 12... Nxe4 $11 13. a3 Bd6 14. Qxc4 Nf6 15. Bd2 Na6 16. Qc2 Nc5 17. Rad1 Bd7 18. Bc1 a5 19. Nc3 g6 {[#]} 20. e4 $1 {[%mdl 512]} Ne6 (20... Ncxe4 21. Bxe4) 21. Nxe6 (21. Nf3 $16 {aiming for e5.} Nc5 22. h3) 21... Bxe6 $14 22. Rfe1 Bc5 23. h3 Nh5 {[#]} (23... Nd7 $14) 24. g4 $1 $18 Ng7 {[#]} 25. e5 $1 {Hoping for Ne4.} Ba7 (25... Qh4 {was called for.} 26. Ne4 Be7) 26. Ne4 Kh8 27. Bg5 Qc7 $2 (27... Qf8 28. Qc3 Rec8) 28. Qc1 h6 29. Nf6 {Accuracy: White = 56%, Black = 27%.} 1-0

[Event "17th Aeroflot Open-A 2019"]
[Site "Moscow"]
[Date "2019.02.19"]
[Round "1.39"]
[White "Kevlishvili, Robby"]
[Black "Donchenko, Alexander"]
[Result "*"]
[WhiteElo "2463"]
[BlackElo "2600"]
[Annotator "TA"]
[PlyCount "27"]
[EventDate "2019.02.19"]
[EventCountry "RUS"]
[SourceTitle "playchess.com"]
[Source "ChessBase"]
[SourceQuality "1"]

{[%evp 10,18,28,16,30,27,39,38,40,44,33]} 1. e4 c6 2. d4 d5 3. exd5 cxd5 4. Bd3 Nc6 5. c3 Qc7 6. h3 e6 {B13: Caro-Kann: Exchange Variation and Panov-Botvinnik Attack} (6... Nf6 7. Nf3 g6 8. Qc2 Bg7 9. O-O O-O 10. Re1 Nh5 11. Be3 a6 12. Nbd2 Nf4 13. Bf1 Bf5 14. Qc1 Nd3 15. Bxd3 Bxd3 {1-0 (45) Aronian,L (2765)-Tari,A (2620) St Petersburg 2018}) 7. Nf3 Bd6 8. O-O Nge7 9. Re1 Ng6 {Predecessor:} 10. Be3 $146 O-O 11. Nbd2 Bd7 12. Ng5 Nce7 13. Nf1 Nf5 14. Bd2 {0-1 (43) Blomqvist,E (2499)-Shengelia,D (2512) Batumi 2018} *

[Event "17th Aeroflot Open-A 2019"]
[Site "Moscow"]
[Date "2019.02.20"]
[Round "1.39"]
[White "Kevlishvili, Robby"]
[Black "Donchenko, Alexander"]
[Result "0-1"]
[WhiteElo "2463"]
[BlackElo "2600"]
[Annotator "RC"]
[PlyCount "86"]
[EventDate "2019.02.19"]
[EventCountry "RUS"]
[SourceTitle "playchess.com"]
[Source "ChessBase"]
[SourceQuality "1"]
[TimeControl "40/5400+30:1800+30"]

1. e4 {[%emt 0:00:00]} c6 {[%emt 0:00:00]} 2. d4 {[%emt 0:00:00]} d5 {[%emt 0:00:00]} 3. exd5 {[%emt 0:00:00]} cxd5 {[%emt 0:00:00]} 4. Bd3 {[%emt 0:00:00]} Nc6 {[%emt 0:00:00]} 5. c3 {[%emt 0:00:00]} Qc7 {[%emt 0:00:10]} 6. Ne2 {[%emt 0:00:12]} Bg4 {[%emt 0:00:37]} 7. O-O {[%emt 0:00:18]} e6 {[%emt 0:00:22]} 8. Qe1 {[%emt 0:00:09]} Nf6 {[%emt 0:00:40]} 9. Bg5 {[%emt 0:00:13]} h6 {[%emt 0:00:26]} 10. Bh4 {[%emt 0:00:42]} Bxe2 {[%emt 0:00:21]} 11. Qxe2 {[%emt 0:00:19]} Bd6 {[%emt 0:00:10]} 12. h3 {[%emt 0:18:23]} O-O-O {[%emt 0:00:29]} 13. Na3 {[%emt 0:05:44]} Qe7 {[%emt 0:00:21]} 14. Nc2 {[%emt 0:02:16]} Rhg8 {[%emt 0:14:41]} 15. Ne3 {[%emt 0:06:49]} g5 {[%emt 0:08:37]} 16. Bg3 {[%emt 0:00:16]} h5 {[%emt 0:00:24]} 17. Rae1 {[%emt 0:06:54]} h4 {[%emt 0:09:00]} 18. Be5 {[%emt 0:12:57]} Nd7 {[%emt 0:11:04]} 19. Ng4 {[%emt 0:01:53]} Kb8 {[%emt 0:13:45]} 20. Qe3 {[%emt 0:13:00]} Rdf8 {[%emt 0:17:37]} 21. f4 {[%emt 0:09:48]} gxf4 {[%emt 0:00:19]} 22. Bxd6+ {[%emt 0:00:09]} Qxd6 {[%emt 0:00:04]} 23. Qxf4 {[%emt 0:00:06]} Kc7 {[%emt 0:01:27]} 24. Re2 {[%emt 0:03:40]} f5 {[%emt 0:05:31]} 25. Qxd6+ {[%emt 0:02:18]} Kxd6 {[%emt 0:00:02]} 26. Nh2 {[%emt 0:00:11]} Nf6 {[%emt 0:03:19]} 27. Rfe1 {[%emt 0:08:22]} Ne4 {[%emt 0:02:43]} 28. Nf3 {[%emt 0:00:09]} Rf6 {[%emt 0:04:38]} 29. Kh2 {[%emt 0:00:26]} Rh6 {[%emt 0:00:31]} 30. Re3 {[%emt 0:02:18]} Rg7 {[%emt 0:02:46]} 31. Rf1 {[%emt 0:01:22]} Ne7 {[%emt 0:01:32]} 32. c4 {[%emt 0:03:43]} Ng6 {[%emt 0:01:03]} 33. cxd5 {[%emt 0:00:06]} exd5 {[%emt 0:00:52]} 34. Ng1 {[%emt 0:00:07]} Rh5 {[%emt 0:00:53]} 35. Be2 {[%emt 0:03:40]} Rg5 {[%emt 0:00:42]} 36. Ra3 {[%emt 0:00:47]} Nf4 {[%emt 0:00:39]} 37. Bf3 {[%emt 0:00:38]} Rxg2+ {[%emt 0:00:45]} 38. Bxg2 {[%emt 0:00:09]} Rxg2+ {[%emt 0:00:04]} 39. Kh1 {[%emt 0:00:08]} Ng3+ {[%emt 0:00:23]} 40. Rxg3 {[%emt 0:00:00]} hxg3 {[%emt 0:00:00]} 41. Nf3 {[%emt 0:01:29]} Rxb2 {[%emt 0:00:31]} 42. Rg1 {[%emt 0:00:30]} g2+ {[%emt 0:01:02]} 43. Kh2 {[%emt 0:01:09]} Rxa2 {[%emt 0:02:45]} 0-1

[Event "17th Aeroflot Open-A 2019"]
[Site "Moscow"]
[Date "2019.02.20"]
[Round "1.40"]
[White "Svane, Rasmus"]
[Black "Flom, Gabriel"]
[Result "1-0"]
[WhiteElo "2599"]
[BlackElo "2460"]
[Annotator "TA"]
[PlyCount "77"]
[EventDate "2019.02.19"]
[EventCountry "RUS"]
[SourceTitle "playchess.com"]
[Source "ChessBase"]
[SourceQuality "1"]

{[%evp 10,77,29,23,53,47,53,41,58,29,58,27,38,15,14,11,21,14,28,27,28,33,35,22,24,20,45,31,31,17,21,13,22,19,20,15,39,33,39,35,25,22,288,288,358,353,356,344,349,332,570,569,570,571,558,551,539,532,583,577,576,576,569,564,562,560,579,579,568,564]} 1. e4 d6 2. d4 Nf6 3. Nc3 g6 4. Nf3 Bg7 5. Be3 a6 6. Bd3 {LiveBook: 38 Games. B08: Pirc Defence: Classical System} Nc6 7. d5 Ne5 8. Nxe5 {White is slightly better.} dxe5 9. O-O $146 ({Predecessor:} 9. Qe2 e6 10. O-O-O O-O 11. dxe6 Bxe6 12. Bc5 Re8 {1-0 (45) Semrl,M (2539)-Mathe,I (2414) ICCF email 2007}) 9... O-O 10. Qe2 e6 {[%cal Re6d5]} 11. Bc5 Re8 {[%cal Re6d5]} 12. Bc4 exd5 13. Bxd5 Nd7 14. Be3 c6 15. Bb3 Qe7 16. Rfd1 b5 17. a4 {[%cal Ra4b5]} Bb7 18. Qf3 Nf6 19. h3 Rad8 20. Rxd8 Rxd8 21. axb5 axb5 22. Ra7 $36 {[%mdl 2048] White fights for an advantage.} Ra8 23. Bc5 Qd7 24. Rxa8+ Bxa8 25. Na2 Qd2 $2 {[%mdl 8192] [#]} (25... Nh5 $11 {and Black stays safe.}) 26. Bxf7+ $1 $18 {[%mdl 512]} Kxf7 27. Qb3+ Nd5 28. exd5 Qxd5 {[#]} 29. Qa3 $1 Bb7 $2 (29... Qd1+ 30. Kh2 Qd8 31. Qa7+ Kg8) 30. Nc3 {White is clearly winning.} Qd7 31. Qa2+ Qe6 {and if ...Qxa2 works, Black does fine.} 32. Qa7 Qd7 33. Ne4 Bc8 {intending ...Qxa7.} 34. Qa2+ Qd5 35. Qxd5+ cxd5 36. Nd6+ Ke6 37. Nxc8 d4 38. f3 Kd5 39. Ba3 {Precision: White = 85%, Black = 48%.} 1-0

[Event "17th Aeroflot Open-A 2019"]
[Site "Moscow"]
[Date "2019.02.21"]
[Round "2.1"]
[White "Lupulescu, Constantin"]
[Black "Fedoseev, Vladimir"]
[Result "1/2-1/2"]
[WhiteElo "2610"]
[BlackElo "2715"]
[Annotator "TA"]
[PlyCount "101"]
[EventDate "2019.02.19"]
[EventCountry "RUS"]
[SourceTitle "playchess.com"]
[Source "ChessBase"]
[SourceQuality "1"]

{[%evp 22,101,47,40,36,36,62,-2,-8,-9,-5,-11,0,-5,0,-7,0,-6,8,0,0,0,24,20,30,23,16,8,20,-5,-2,-2,-2,-2,-4,-5,0,0,0,-2,0,0,0,0,0,0,0,0,0,0,0,-22,0,-44,5,-8,0,-8,-8,-8,-8,-8,0,0,0,0,0,0,0,0,0,0,0,0,0,0,0,0,0,0,0,0]} 1. d4 d5 2. c4 e6 3. Nf3 Nf6 4. Nc3 Nbd7 5. Bg5 Be7 6. e3 O-O 7. Qc2 c6 8. Bd3 h6 9. Bh4 a6 10. O-O dxc4 11. Bxc4 b5 12. Be2 Bb7 {D61: Queen's Gambit Declined: Classical: 7 Qc2} 13. Rfd1 Rc8 14. a3 (14. Ne5 $1 $14) 14... c5 $11 15. dxc5 Rxc5 16. b4 Rc8 17. Qb2 Qe8 $146 ({Predecessor:} 17... Nd5 18. Bxe7 Qxe7 19. Nxd5 Bxd5 20. Rd4 {1-0 (45) Komov,R (2130)-Bulchaev,N (2089) Krasnoyarsk 2016}) 18. a4 bxa4 19. Rxa4 Rc6 20. Ra3 Rb6 {[#] White must now prevent ...Bxf3.} 21. Rb3 g5 22. Bg3 Nd5 23. Ne5 {Strongly threatening Nxd7.} (23. Rd4 {keeps more tension.} Bc6 24. e4 Nf4 25. Bxf4 gxf4 26. Qd2) 23... Nxe5 24. Bxe5 {Threatening b5.} Nxc3 25. Qxc3 Qc6 26. Qxc6 Bxc6 27. Bd4 $132 {[%mdl 2048] White is not holding back} Rbb8 {Hoping for ...Ba4.} 28. Ra1 Bb5 29. Bxb5 axb5 30. Bc5 Bxc5 (30... Ra8 {with more complications.} 31. Rab1 Rfe8 32. Bxe7 Rxe7 33. Rc3 Rd7) 31. bxc5 {[%mdl 4096] Endgame KRR-KRR} Rfc8 32. Rc1 Rc6 33. g4 Kf8 34. Kg2 Ke7 35. Kg3 Kd7 36. h4 Kc7 37. Rd3 f6 38. Rd4 {The position is equal.} e5 39. Rd2 Ra6 40. hxg5 hxg5 41. Kf3 Ra4 42. Rd6 e4+ 43. Kg3 Rc4 $1 {[%cal Rc4c1]} 44. Rh1 Rxc5 45. Rxf6 {[#] Rh7+ would kill now.} Rc6 46. Rf7+ Kb6 47. Rf5 Rc5 48. Rh6+ Rc6 49. Rh1 Rc5 50. Rh6+ Rc6 51. Rh1 {Accuracy: White = 58%, Black = 56%.} 1/2-1/2

[Event "17th Aeroflot Open-A 2019"]
[Site "Moscow"]
[Date "2019.02.21"]
[Round "2.2"]
[White "Deac, Bogdan-Daniel"]
[Black "Mamedov, Rauf"]
[Result "1/2-1/2"]
[WhiteElo "2603"]
[BlackElo "2703"]
[Annotator "TA"]
[PlyCount "98"]
[EventDate "2019.02.19"]
[EventCountry "RUS"]
[SourceTitle "playchess.com"]
[Source "ChessBase"]
[SourceQuality "1"]

{[%evp 34,98,16,8,15,9,15,14,14,11,22,15,27,23,28,8,8,8,9,9,9,9,15,14,15,15,15,15,15,15,15,10,29,25,25,15,15,15,15,15,29,29,29,30,30,30,30,30,30,30,30,19,19,24,25,25,27,0,0,0,0,0,0,0,0,0,0]} 1. e4 c5 2. Nf3 Nc6 3. d4 cxd4 4. Nxd4 Nf6 5. Nc3 e5 6. Ndb5 d6 7. Bg5 a6 8. Na3 b5 9. Nd5 Be7 10. Bxf6 Bxf6 11. c3 Rb8 12. Nc2 Bg5 13. a4 bxa4 {B33: Sicilian: Pelikan and Sveshnikov Variations} 14. Ncb4 Nxb4 15. cxb4 Bd7 16. Bxa6 O-O 17. O-O Bc6 (17... Qe8 18. b3 axb3 19. Qxb3 Bd8 20. Bc4 Kh8 21. Ra2 {½-½ (30) Karjakin,S (2773)-Dubov,D (2666) Tbilisi 2017}) 18. Bc4 {LiveBook: 3 Games} Bxd5 19. Bxd5 Rxb4 20. Rxa4 Rxb2 21. Ra7 Qf6 22. Rd7 $146 ({Predecessor:} 22. g3 g6 23. Qa1 {½-½ (40) Garcia Martinez,S (2378)-Gongora Reyes,M (2417) Havana 2001}) 22... Kh8 23. Qa1 Rbb8 24. Qa7 Bd2 25. Rxf7 Rxf7 26. Qxb8+ Rf8 27. Qb3 g6 28. g3 Qf3 29. Qxf3 Rxf3 $11 {[%mdl 4096] Endgame KRB-KRB} 30. Rb1 h5 31. Rb8+ Kg7 32. Rb7+ Kf8 33. Kg2 Rf6 $1 34. Rb3 Be1 35. f3 Kg7 36. Rb7+ Kf8 37. Kf1 Bc3 38. Ke2 Bd4 39. h3 Bc5 40. Rh7 Ba3 41. h4 Bc1 42. g4 Rf4 43. gxh5 gxh5 44. Rxh5 Kg7 45. Rg5+ Kh6 {The position is equal.} 46. Rg4 Kh5 47. Rg1 Ba3 48. Rg7 Kxh4 49. Rf7 Rxf7 {Precision: White = 62%, Black = 76%.} 1/2-1/2

[Event "17th Aeroflot Open-A 2019"]
[Site "Moscow"]
[Date "2019.02.21"]
[Round "2.3"]
[White "Inarkiev, Ernesto"]
[Black "Esipenko, Andrey"]
[Result "1/2-1/2"]
[WhiteElo "2692"]
[BlackElo "2603"]
[Annotator "TA"]
[PlyCount "93"]
[EventDate "2019.02.19"]
[EventCountry "RUS"]
[SourceTitle "playchess.com"]
[Source "ChessBase"]
[SourceQuality "1"]

{[%evp 16,93,0,0,0,0,0,-13,0,-17,-6,-8,17,19,16,9,9,24,19,1,18,8,11,9,22,0,0,-8,0,-11,-14,-22,-23,-34,-6,-23,-21,-19,-16,-23,-1,-25,0,0,0,0,0,0,0,0,0,0,6,5,8,7,7,5,5,5,8,6,8,0,0,0,0,0,0,0,0,0,0,0,0,0,0,0,0,0]} 1. c4 c5 2. Nf3 Nf6 3. Nc3 d5 4. cxd5 Nxd5 5. e4 Nb4 6. Bc4 Nd3+ 7. Ke2 Nf4+ 8. Kf1 Nd3 9. Ke2 Nf4+ {A34: Symmetrical English: 2 Nc3, lines with ...d5} 10. Kf1 {aiming for d4.} Nd3 11. Qe2 Nxc1 12. Rxc1 e6 13. Bb5+ $146 ({Predecessor:} 13. h4 a6 14. e5 Nc6 15. Rh3 b5 16. Bd3 Bb7 17. Be4 {½-½ (37) Aronian,L (2785)-So,W (2794) London 2016}) 13... Bd7 14. g3 Be7 15. Kg2 O-O 16. Rhd1 a6 17. Bxd7 Nxd7 {[%cal Bb8d7,Bd7b6,Bb6c4][%mdl 32]} 18. d4 cxd4 $1 19. Rxd4 Qe8 $1 20. e5 Rc8 21. Rcd1 Nb6 22. Re4 Qc6 23. Nd4 Qc7 24. Rc1 Rfe8 25. Rc2 Qd7 26. Rd2 Nc4 27. Rd3 {Black must now prevent Ndb5.} Qc7 28. a4 Red8 29. Ndb5 {The position is equal.} axb5 30. Nxb5 Qc5 {[#] Strongly threatening ...Rxd3.} 31. b4 $1 {[%mdl 512]} Qxb4 32. Rxd8+ Bxd8 {[#]} 33. Nd6 $1 {[%cal Rd6c8][%mdl 512]} Rc7 {And now ...Qd2 would win.} (33... f5 {is interesting.} 34. Rxc4 Rxc4 35. Qxc4 Qxc4 36. Nxc4 Be7) (33... Nxd6 34. Rxb4) 34. Rxc4 Rxc4 35. Qxc4 Qxc4 36. Nxc4 $11 {[%mdl 4096] Endgame KB-KN} Kf8 37. Kf3 Be7 38. Na5 b6 39. Nc6 Bc5 40. a5 bxa5 41. Nxa5 h5 42. h3 Bd4 43. Nc6 Bc5 44. Na5 Bd4 45. Nc6 Bc5 46. Na5 Bd4 47. Nc6 {Accuracy: White = 65%, Black = 80%.} 1/2-1/2

[Event "17th Aeroflot Open-A 2019"]
[Site "Moscow"]
[Date "2019.02.21"]
[Round "2.4"]
[White "Aravindh, Chithambaram VR."]
[Black "Safarli, Eltaj"]
[Result "1-0"]
[WhiteElo "2601"]
[BlackElo "2681"]
[Annotator "TA"]
[PlyCount "85"]
[EventDate "2019.02.19"]
[EventCountry "RUS"]
[SourceTitle "playchess.com"]
[Source "ChessBase"]
[SourceQuality "1"]

{[%evp 9,85,12,6,4,28,9,18,10,15,19,12,12,12,11,11,9,10,0,10,13,12,12,14,0,0,0,0,-14,0,0,0,0,31,0,0,0,0,0,0,0,0,-50,0,-9,-8,-8,0,0,0,0,0,0,0,0,0,0,0,0,0,0,0,0,0,0,0,0,0,0,0,0,0,0,0,0,29960,29960,29954,29943]} 1. d4 Nf6 2. Bg5 g6 3. Bxf6 exf6 4. c4 d5 5. cxd5 Qxd5 6. Nc3 {A45: Trompowsky Attack} Bb4 (6... Qd8 7. e3 Be7 8. Bc4 c6 9. Nge2 Bd6 10. h4 h5 11. Qc2 Nd7 12. O-O-O {1-0 (59) Duda,J (2737)-Grischuk,A (2766) chess.com INT 2018}) 7. Qa4+ {[%mdl 64] Double Attack} Nc6 {[#]} 8. Qxb4 $1 {[%mdl 512] The position is equal.} Nxb4 9. Nxd5 Nxd5 10. Rc1 $146 ({Predecessor:} 10. e4 Ne7 11. Bc4 c6 12. Ne2 {1-0 (36) Ayas Fernandez,A (2310)-Martinez Martinez,J (2050) Vilanova 1994}) 10... c6 11. e3 Be6 12. a3 f5 13. Ne2 O-O-O 14. g3 g5 15. Bg2 Kb8 16. Rc5 Nb6 17. h4 h6 18. Nc1 Na4 19. Rc2 f4 20. hxg5 fxe3 21. fxe3 (21. gxh6 {with more complications.} exf2+ 22. Kxf2 Rxd4 23. Bf3 Kc7 24. Rh5) 21... hxg5 22. Rxh8 Rxh8 23. Nd3 Nb6 24. Nc5 Nd5 25. Kd2 ({But not} 25. Nxe6 Nxe3 26. Re2 Nxg2+ 27. Kf1 fxe6 $17) 25... Nf6 26. e4 Rh2 27. Kc3 b6 28. Nxe6 fxe6 $11 {[%mdl 4096] Endgame KRB-KRN} 29. e5 Nd5+ 30. Bxd5 Rxc2+ 31. Kxc2 exd5 {KP-KP} 32. b4 Kc7 33. a4 a5 $1 34. bxa5 bxa5 35. Kd3 {aiming for Ke2.} Kd7 36. Ke3 {next Kf3 is good for White.} Ke6 37. Ke2 c5 38. dxc5 {Threatening mate with c6.} Kxe5 39. Ke3 d4+ 40. Kd3 Kd5 41. c6 $1 {[%cal Rc6c7] Intending c7 and mate.} Kxc6 $2 {[%mdl 8192] [#]} (41... Kd6 $11) 42. Kxd4 Kd6 43. Kc4 {Accuracy: White = 55%, Black = 66%.} 1-0